| 000 | 00519cam a2200145 4500500 | ||
|---|---|---|---|
| 005 | 20251228090708.0 | ||
| 041 | _afre | ||
| 042 | _adc | ||
| 100 | 1 | 0 |
_aBruley, Pauline _eauthor |
| 245 | 0 | 0 | _aRousselot, Spire, Péguy : autour d’une prosodie vivante |
| 260 | _c2015. | ||
| 500 | _a71 | ||
| 786 | 0 | _nBulletin de l’Amitié Charles Péguy | 150 | 2 | 2015-04-09 | p. 118-136 | 0180-8567 | |
| 856 | 4 | 1 | _uhttps://shs.cairn.info/revue-bulletin-de-lamitie-charles-peguy-2015-2-page-118?lang=fr&redirect-ssocas=7080 |
| 999 |
_c1602605 _d1602605 |
||